| 000 | 00901nam a2200241Ia 4500 | ||
|---|---|---|---|
| 008 | 161112s9999 xx 000 0 und d | ||
| 050 | _aREF ND 1029.M54 | ||
| 050 | _b.G94 2003 | ||
| 100 | _aGuerrero, Amadis Ma. | ||
| 245 | 0 | _aAmadeo Y. Manalad : | |
| 245 | 0 | _bhistory's muralist / | |
| 245 | 0 | _cAmadis Ma. Guerrero; preface by Juan T. Gatbonton; a critical appreciation by Patrick D. Flores; photography by Raffy Guerrero. | |
| 260 | _aManila : | ||
| 260 | _bKasaysayan Publishing. | ||
| 260 | _c2003 | ||
| 300 | _a114 pages : | ||
| 300 | _billustrations (some color) ; | ||
| 300 | _c24 cm. | ||
| 500 | _aIncludes bibliographical references. | ||
| 650 | _aManalad, Amadeo Yabot -- 1911-1984 -- Criticism and interpretation. | ||
| 650 | _aMural painting and decoration, Filipino -- Philippines -- 20th century. | ||
| 650 | _xMural painting and decoration -- Philippines -- History. | ||
| 999 |
_c305251 _d305251 |
||